| 000 | 00544pab a2200169 454500 | ||
|---|---|---|---|
| 008 | 180718b2017 xxu||||| |||| 00| 0 eng d | ||
| 100 | _aPandya, Samta P. | ||
| 245 | _aDealing with crime, criminals and the criminal justice system through spirituality: a cross-national experimental study with police officers | ||
| 260 | _c2017 | ||
| 300 | _ap.348-377. | ||
| 362 | _aDec | ||
| 650 | _aAdministration of | ||
| 650 | _aCriminal justice | ||
| 650 | _aCrime | ||
| 773 | _aPolice Journal: Theory, Practice and Principles | ||
| 909 | _a116797 | ||
| 999 |
_c116791 _d116791 |
||